Sports Quiz

Random Sports or Baseball Quiz

Obscure Knowledge - MLB 500 Home Run Club Quiz Stats

 Plays Quiz not verified by Sporcle

Challenge
Share
Tweet
Score 0/27 Timer 02:00
4 Plays Today
Percent Guessed Player % Correct
98.6%???
100%
96.0%???
97%
92.5%???
94%
90.0%???
92.9%
83.2%???
91.5%
81.0%???
90.5%
80.6%???
89.7%
77.9%???
89.1%
74.8%???
88.1%
74.3%???
83.1%
74.2%???
81.4%
69.8%???
78.9%
64.2%???
77.6%
63.9%???
75.5%
Percent Guessed Player % Correct
63.2%???
70.8%
57.5%???
69.4%
57.0%???
67.7%
53.4%???
66.5%
51.9%???
64.8%
51.0%???
60.9%
50.4%???
58.4%
46.8%???
53.3%
43.5%???
46.3%
43.4%???
43.7%
41.2%???
29.7%
40.3%???
20.2%
31.9%???
14.5%

You're not logged in!

Compare scores with friends on all Sporcle quizzes.
OR
Log In

You Might Also Like...

Show Comments

Extras

Curator's Pick Aug 31, 2017SourceReportNominate
Tags:Baseball Quiz, MLB Quiz, Home Runs, obscure

Top Quizzes Today


Score Distribution

Your Account Isn't Verified!

In order to create a playlist on Sporcle, you need to verify the email address you used during registration. Go to your Sporcle Settings to finish the process.

Report this User

Report this user for behavior that violates our Community Guidelines.

Details: